Потребителния магазин при кредитната кооперация (Запис номер 162612)
[ съкратено ]
| 000 -Лидер | |
|---|---|
| Контролно поле с фиксирана дължина | 01786nam a2200409 c 4500 |
| 003 - Код на организацията, давaща контролен номер | |
| Контролно поле | BLK |
| 005 - Дата и час на последна редакция | |
| Контролно поле | 20250122132137.0 |
| 008 - Елементи от данни с фиксирана дължина | |
| fixed length control field | 180410b bul|||||r ||||||| ||bul|| |
| 010 ## - Наследен системен номер | |
| LC control number | KNG00169991000 |
| 040 ## - Източник на каталожния запис | |
| Идентификатор на билиотеката - собственик на записа | BLK |
| 041 ## - Код за език | |
| Код за езика на текст/звукозапис или на отделно заглавие | Български |
| Код за езика КДБФ | Български |
| 080 ## - УДК | |
| Текстов определител УДК | Кредитни кооперации. Кооперативни банки |
| УДК код - определител по УДК | 334.2 |
| УДК определител | :339(497.215) |
| УДК - код + определител | 334.2:339(497.215) |
| 080 ## - УДК | |
| Текстов определител УДК | Счетоводство. Счетоводни системи и операции, водене на сметките, журнал-ордер и др. |
| УДК код - определител по УДК | 657 |
| УДК определител | :339(497.215) |
| УДК - код + определител | 657:339(497.215) |
| 100 1# - Редна дума - Автор | |
| Автор | Минчев, Петко |
| Авторска отговорност | първи автор |
| R(LIN) | 335701 |
| 139 ## - Редно поле | |
| Редна дума | Минчев, Петко |
| Авторски знак | Минч - М 67 |
| 245 10 - Сведения за заглавието | |
| Заглавие | Потребителния магазин при кредитната кооперация |
| Подзаглавни данни | Организация и отчетност |
| Редно поле (дума) | Петко Минчев. |
| 257 ## - Страна на издаване | |
| Страна на създаване/издаване | България |
| 260 ## - Област на издателските данни | |
| Име на издателя, разпространителя и проч. | Кред. кооп. Напред |
| Година на издаване | 1933 |
| Печатница | Русе : Петър П. Камбуров |
| 300 ## - Физическа характеристика | |
| Страници | 94 с. |
| Размери/Мащаб | 15 см |
| 380 ## - Жанр | |
| Жанр | Обществени науки |
| 650 #4 - Допълнително описание по предмет – тема | |
| Основно описание – тема или топоним | Кооперации, кредитни - България |
| 9 (RLIN) | 309429 |
| 650 #4 - Допълнително описание по предмет – тема | |
| Основно описание – тема или топоним | Счетоводство - търговски предприятия |
| 9 (RLIN) | 319960 |
| 651 #4 - Допълнително описание по предмет - топоним | |
| Географско понятие | България |
| 9 (RLIN) | 241624 |
| 651 #4 - Допълнително описание по предмет - топоним | |
| Географско понятие | Ново село |
| 9 (RLIN) | 179286 |
| 653 ## - Ключова дума – ненормативна | |
| Ключова дума | кооперации |
| 653 ## - Ключова дума – ненормативна | |
| Ключова дума | кооперативни магазини |
| 653 ## - Ключова дума – ненормативна | |
| Ключова дума | потребителни кооперации |
| 653 ## - Ключова дума – ненормативна | |
| Ключова дума | Ново село |
| 852 ## - Местоположение | |
| Форматна сигнатура | Цб 3.155.13378 |
| 852 ## - Местоположение | |
| Форматна сигнатура | К 334/М 67 П |
| 856 4# - Електронен адрес и достъп | |
| Електронен формат | pdf - файл |
| 856 4# - Електронен адрес и достъп | |
| Електронен формат | pdf - файл |
| 999 ## - СИСТЕМНИ КОНТРОЛНИ НОМЕРА | |
| Koha biblionumber | 162612 |
| Koha biblioitemnumber | 162612 |
| 942 ## - АРТИКУЛИ | |
| Вид на библиотечния материал | Книги |
| Скрит в OPAC | Не |
| Периодичен библиозапис | Да |
| Koha issues (borrowed), all copies | 1 |
| 944 ## - СЪЗДАВАНЕ И РЕДАКЦИЯ на ЗАПИСА | |
| Създаване/Редакция | Създаване |
| Дата на регистрацията/редакция | 23.01.2015 |
| Служител, извършил регистрацията/редакцията | 30558 |
| Статус, дата на статуса | Валя Йорданова |
| 944 ## - СЪЗДАВАНЕ И РЕДАКЦИЯ на ЗАПИСА | |
| Създаване/Редакция | Редакция |
| Дата на регистрацията/редакция | 23.01.2015 |
| Служител, извършил регистрацията/редакцията | Наталия_Медовщикова |
| 999 ## - СИСТЕМНИ КОНТРОЛНИ НОМЕРА | |
| Koha biblioitemnumber | 162612 |
| Код за отписване | Код за изгубен артикул | Източник на класификационната схема | Код за повреда | Коз за рестрикции | Код за отдаване | Артикулен № | Име на библиотеката - собственик | Име на библиотеката, в която се намира в момента | Статус (Текущо местоположение) | Дата на вписване в системата | Местоположение - отдел | Цена в лева | Инвентарен номер | Систематично азбучна сигнатура | Баркод | Номер на екземпляра | Цена в евро | Служебна бележка | Служебен тип на артикула |
|---|---|---|---|---|---|---|---|---|---|---|---|---|---|---|---|---|---|---|---|
| Не е изгубен | Universal Decimal Classification | Не е повреден | без рестрикции | ползва се в читалня | 271492 | Регионална библиотека "Любен Каравелов" Русе | Регионална библиотека "Любен Каравелов" Русе | Краезнание | 1946-01-01 | Краезнание | 0.07 | 13378 | К 334/М 67 П | 900000096622 | 1 | 0.04 | Дост: Pk N: стар фонд Дата: 01.01.1946 Дата инв: 09.11.2017 Бележки инв: К2017 | Книги |